| 000 | 00782nam a2200229 a 4500 | ||
|---|---|---|---|
| 005 | 20241207063742.0 | ||
| 008 | 011011s1996 es r 000 0 spa d | ||
| 020 | _a8470437062 | ||
| 035 | _aUPN01000112898 | ||
| 049 | _aCG | ||
| 050 | 4 |
_aHM134 _bP6.4 no.4.3 1996 |
|
| 100 | 1 | _aVega García, Francisco J. | |
| 245 | 1 | 0 |
_aProgramar, acompañar, evaluar / _cFrancisco J. Vega ; Víctor J. Ventosa. |
| 250 | _a2a ed. | ||
| 260 |
_aMadrid : _bCCS, _c1996. |
||
| 300 |
_a190 p. : _eil. |
||
| 440 | 0 |
_aPlan de formación de animadores. _pBloque 4. _pEl saber hacer del animador. _pEducación social ; _v4.3 |
|
| 650 | 2 |
_aAnimación sociocultural _91050 |
|
| 650 | 4 |
_aGRUPOS SOCIALES - _xTRABAJO _916589 |
|
| 700 | 1 |
_aVentosa Pérez, Víctor Juan, _d1957- _ecoaut. _929622 |
|
| 905 | _aLibro | ||
| 999 |
_c86806 _d86806 |
||